000 00853nam a2200241 a 4500
008
020 _a0820409308 (hbk.)
049 _aMAIN
090 _aHC60IMB
100 1 _aImbeau, Louis M.
245 1 0 _aDonor aid--the determinants of development allocations to Third-World countries :
_ba comparative analysis /
_cLouis M. Imbeau.
260 _aNew York :
_bPeter Lang,
_cc1989.
300 _axv, 228 p. ;
_c23 cm.
440 _aAmerican university studies. Series X, Political science,
_x0-740-0470 ;
_vvol. 23.
504 _aIncludes bibliographical references.
650 0 _aEconomic assistance
_zDeveloping countries.
650 0 _aInternational economic relations.
907 _a.b10120014
_b05-01-06
_c30-04-04
003
005 20230123134010.0
040 _cNUST
942 _cBOOKS
_kHC60IMB
999 _c158271
_d158271